Urbanization and crime : Germany 1871-1914
Αποθηκεύτηκε σε:
| Κύριος συγγραφέας: | |
|---|---|
| Μορφή: | Βιβλίο |
| Γλώσσα: | English |
| Δημοσίευση: |
Cambridge :
Cambridge University Press,
c1995
|
| Θέματα: | |
| Ετικέτες: |
Προσθήκη ετικέτας
Δεν υπάρχουν, Καταχωρήστε ετικέτα πρώτοι!
|
MARC
| LEADER | 00000nam a2200000 i 4500 | ||
|---|---|---|---|
| 001 | 1/103407 | ||
| 008 | 000301s1995 eng d | ||
| 020 | |a 0-521-47017-X | ||
| 035 | |l 10058453 | ||
| 040 | |a GR-MY-UA |b gre |e aacr | ||
| 041 | 0 | |a eng | |
| 082 | 0 | |a 364.943 | |
| 100 | 1 | |a Johnson, Eric A. |d 1956- | |
| 245 | 1 | 0 | |a Urbanization and crime : |b Germany 1871-1914 / |c Eric A. Johnson |
| 260 | |a Cambridge : |b Cambridge University Press, |c c1995 | ||
| 300 | |a 246 p. | ||
| 504 | |a Includes index | ||
| 650 | 0 | 0 | |a Crime |z Germany |x History |y 19th century. |
| 650 | 0 | 0 | |a Crime prevention |z Germany |x History |y 19th century. |
| 650 | 0 | 0 | |a Criminal justice, Administration of |z Germany |x History |y 19th century. |
| 650 | 0 | 0 | |a Urbanization |z Germany |x History |y 19th century. |
| 852 | |a INST |b LESVOS |e 20000301 |h 364.943 JOH |p 005100020692 |q 005100020692 |t BK |y 0 | ||
| 901 | |a BIBL1-2000-1 | ||
| 909 | |a Λ |b 074874 | ||
| 922 | |a 1ΕΛΗ |b 200001 |c ΚΠΣ/ΤΚ |d GLORY | ||
| 950 | |a 103-1999-12-08 | ||
| 970 | |a ΤΖΑΦΕΡΗ |b ΕΥΑΓΓΕΛΙΑ |z 2000/03/21 | ||